| 000 | 00357nam a22001217a 4500 | ||
|---|---|---|---|
| 003 | OSt | ||
| 008 | 150511b xxu||||| |||| 00| 0 eng d | ||
| 100 | 1 | _aOdenweller, Robert P. | |
| 041 | _aeng | ||
| 245 | 1 | 0 | _aThe postage stamps of New Zealand, 1855-1873, the Chalon head issues |
| 260 |
_aWellington _bRoyal Philatelic Society of New Zealand |
||
| 300 | _a0 pages | ||
| 999 |
_c1455 _d1455 |
||